000 00627nam a2200205Ia 4500
008 240729s9999 xx 000 0 und d
022 _a2090-0252
245 0 _aInternational Journal of Alzheimer's Disease
260 _aUnited Kingdom
260 _bHindawi Limited
650 _a Geriatrics
650 _a Internal medicine
650 _a Internal medicine
650 _a Neurosciences. Biological psychiatry. Neuropsychiatry | Medicine
650 _a Special situations and conditions
650 _aMedicine
856 _uhttps://doaj.org/toc/14081bb7c2f24f24920cb0a990065fb8
942 _2ddc
942 _cDOAJEJ
999 _c71688
_d71688
945 _a1
_bMadushi Gamage
_c1
_dMadushi Gamage